000 01639cgm a22004217a 4500
001 on1124793077
003 OCoLC
005 20250417134438.0
007 vd cvaizs
008 120523s2011 cau702 e vleng d
024 1 _a025192112805
028 4 2 _a10715549
035 _a(OCoLC)1124793077
040 _aCQA
_beng
_cCQA
_dOCLCO
_dOCLCF
_dOCLCQ
_dOCLCO
_dOCLCQ
_dOCLCL
_dOCLCQ
_erda
049 _aWACL
082 0 4 _a791.4572
_223/eng/20230216
092 _amovie
_bSuits 1
245 0 0 _aSuits :
_bseason one.
250 _aWidescreen ed.
260 _aUniversal City, CA :
_bUniversal,
_c2012.
264 _aUniversal City, CA :
_bUniversal,
_c2012.
300 _a3 videodiscs (approximately 702 min.) :
_bsound, color ;
_c4 3/4 in.
336 _atwo-dimensional moving image
337 _avideo
338 _avideodisc
511 1 _aGabriel Macht, Sarah Rafferty, Patrick J. Adams, Gina Torres.
520 _aThe new original series delves into the fast-paced, high-stakes world of a top Manhattan corporate law firm where hotshot attorney Harvey Specter makes a risky move by hiring the brilliant but unmotivated Mike Ross as his new associate. The only problem is he doesn't have an actual law degree.
521 8 _aMWT rating: NR.
538 _aDVD.
546 _aEnglish; Closed-captioned.
655 7 _aTelevision series.
_2fast
655 7 _aTelevision series.
_2lcgft
700 1 _aAdams, Patrick J.,
_d1981-
_95954238
700 1 _aRafferty, Sarah
_96543379
700 1 _aMacht, Gabriel,
_d1972-
_969434
700 1 _aTorres, Gina
_972531
942 _2ddc
_cDVD
999 _c407101
_d407101